1725 1606 1164 1173 1122 1407 1875 1554 1652 1719 1256 1975 1750 1850 1759 2000 1077 1890 1420 1712 1401 1412 1627 1405 1859 1278 1193 1359 1030 1571 1403 1272 1176 1723 1224 1139 1553 1902 1518 1459 1430 1492 1990 1566 1061 1809 1709 1945 1242 1483 1102 1092 1174 1836 1300 1068 1031 1353 1412 1041 1056 1937 1932 1651 1549 1642 1756 1307 1728 1622 1437 1759 1251 1490 1031 1135 1382 1854 1954 1489 1638 1154 1865 1324 1603 1621 1638 1509 1491 1551 1531 1611 1759 1228 1969 1215 1848 1000 1830 BCNSPRNW ULIB Ver.6.0+V

เปลี่ยนเป็นภาษาไทย

Change to English
 แสดงรายละเอียดบรรณานุกรม
  กลับหน้าหลัก

Brief Record : Get Marc (ISO 2709) : E-mail record : QR code < ปิดหน้าต่าง
LEADER : 00000nam 2200000uu 4500
001    13399124899
003     ULIB
008    160426s2558||||th 000 0 tha d
020    ^a9789749781968
060  4 ^aWK810^bอ335ก
100 0  ^aอรพินท์ สีขาว
245 10 ^aการจัดการโรคเบาหวาน :^bมิติของโรคและบทบาทพยาบาล /^cอรพินท์ สีขาว
250    ^aพิมพ์ครั้งที่ 2.
260    ^aสมุทรปราการ :^bโครงการสำนักพิมพ์มหาวิทยาลัยหัวเฉียวเฉลิมพระเกียรติ,^c2558
300    ^aก-ญ, 247 หน้า :^bภาพประกอบ
650  7 ^aเบาหวาน^xการป้องกันและควบคุม
650  7 ^aเบาหวาน^xการดูแล
710 2  ^aมหาวิทยาลัยหัวเฉียวเฉลิมพระเกียรติ.
945    ^p240^l0^i23509
945    ^p240^l0^i23510
945    ^p240^l0^i23511
999    ^aทศพร เกษรทอง
รายการนี้ยังไม่มีแท็ก
คุณยังไม่ได้ล็อกอิน คุณสามารถมีกิจกรรมร่วมกับเว็บไซต์ได้ แต่ต้องล็อกอินก่อน ::
  ล็อกอิน

รายการสื่อสารสนเทศ

ลำดับที่ ประเภท เลขเรียก/บาร์โค้ด สถานที่ สถานะ
1. วิทยาศาสตร์การแพทย์ และสุขภาพ
วิทยาศาสตร์การแพทย์ และสุขภาพ
สถานะ=หนังสือเก่า
WK810 อ335ก ฉ.1 
  Barcode: 23509
ห้องสมุดวิทยาเขตนครสวรรค์
►ส่วนจัดเก็บหนังสือเก่า นว.
บนชั้น
  ขอยืม
2. วิทยาศาสตร์การแพทย์ และสุขภาพ
วิทยาศาสตร์การแพทย์ และสุขภาพ
สถานะ=หนังสือเก่า
WK810 อ335ก ฉ.2 
  Barcode: 23510
ห้องสมุดวิทยาเขตนครสวรรค์
►ส่วนจัดเก็บหนังสือเก่า นว.
บนชั้น
  ขอยืม
3. วิทยาศาสตร์การแพทย์ และสุขภาพ
วิทยาศาสตร์การแพทย์ และสุขภาพ
สถานะ=หนังสือเก่า
WK810 อ335ก ฉ.3 
  Barcode: 23511
ห้องสมุดวิทยาเขตนครสวรรค์
►ส่วนจัดเก็บหนังสือเก่า นว.
ถูกยืม กำหนดส่งวันที่ 17 พฤษภาคม 2569
  จอง

รายการใกล้เคียง
    ผู้แต่ง [อรพินท์ สีขาว]

    หัวเรื่อง [เบาหวาน การป้องกันและควบคุม]

BibComment


ยังไม่เคยถูกคอมเมนท์

คอมเมนท์ทรัพยากรรายการนี้
  คอมเมนท์: การจัดการโรคเบาห..


 Copyright 2026. Bcnsprnw @Library